The philosophy of right
Gardado en:
| Autor Principal: | |
|---|---|
| Formato: | Libro |
| Idioma: | inglés |
| Publicado: |
Chicago
Enciclopaedia Britannica
1952
|
| Series: | Great Books of the Western World, 46
|
| Subjects: | |
| Tags: |
Engadir etiqueta
Sen Etiquetas, Sexa o primeiro en etiquetar este rexistro!
|
MARC
| LEADER | 00000nam a2200000 a 4500 | ||
|---|---|---|---|
| 001 | UCM8135 | ||
| 003 | CL-VaPUC | ||
| 008 | 030124e19520000US |||||||||||||||||eng|d | ||
| 082 | 0 | 4 | |a 340.1 |b HEG |2 21 |
| 100 | |a Hegel, Georg Wilhelm Friedrich |e autor |9 580639 | ||
| 245 | 1 | 4 | |a The philosophy of right |
| 246 | 1 | 4 | |a The philosophy of history |
| 300 | |a 369 p | ||
| 942 | |c BK | ||
| 945 | |d 20030124 00:00:00 |a cmena | ||
| 260 | |a Chicago |b Enciclopaedia Britannica |c 1952 | ||
| 650 | 0 | |a Filosofía del derecho |9 255050 | |
| 650 | 0 | |a Filosofía de la historia |9 265651 | |
| 650 | 0 | |a Filosofía alemana |9 265002 | |
| 583 | |a last modification |c 20030124 00:00:00 |k Rodrigo Vera | ||
| 490 | 0 | |a Great Books of the Western World, 46 | |
| 999 | |c 302720 |d 302718 | ||
| 952 | |0 0 |1 0 |4 0 |6 340_100000000000000_HEG_1952 |7 0 |8 A |9 363435 |a BIBGIM |b BIBGIM |d 2019-11-21 |i 3878732 |o 340.1 HEG 1952 |p 3878732 |r 2025-01-15 |w 2019-11-21 |y BK |k GIM | ||